Ingeniería mecánica
Salvato in:
| Autore principale: | |
|---|---|
| Altri autori: | |
| Natura: | Libro |
| Lingua: | Spanish |
| Pubblicazione: |
México : Prentice Hall Hispanoamericana,
c1996.
|
| Edizione: | 7 |
| Soggetti: | |
| Tags: |
Aggiungi Tag
Nessun Tag, puoi essere il primo ad aggiungerne!!
|
MARC
| LEADER | 00000nam a2200000Ia 4500 | ||
|---|---|---|---|
| 003 | 000229 | ||
| 005 | 20221231144015.0 | ||
| 008 | 140114s1996 mx a 000 ||spa d | ||
| 020 | |a 9688806161 | ||
| 040 | |c cru CEDI | ||
| 082 | |a 620.105 H624i | ||
| 100 | |a Hibbeler, Russell Charles |9 19449 | ||
| 245 | |a Ingeniería mecánica | ||
| 250 | |a 7 | ||
| 260 | |a México : Prentice Hall Hispanoamericana, |c c1996. | ||
| 300 | |a 623 páginas : ilustraciones | ||
| 500 | |a Traducción de: Engineering mechanics, dynamics | ||
| 650 | |x INGENIERÍA MECÁNICA |x DINAMICA |9 19594 | ||
| 700 | |9 19593 |a Jolly Vallejo, Juan Carlos | ||
| 942 | |2 ddc | ||
| 999 | |c 15520 |d 15520 | ||



